| 000 | 01163nam a22003137a 4500 | ||
|---|---|---|---|
| 003 | CHAP | ||
| 005 | 20220329133959.0 | ||
| 008 | 971013s1965 r 00010 d | ||
| 010 | _a13566 | ||
| 011 | _a14538 | ||
| 035 | _a18612 | ||
| 040 | _cCHAP | ||
| 082 |
_a634.925 _bH45 |
||
| 100 | 0 | 0 |
_aHendee, Clare W. _953525 |
| 245 |
_aOrganización y administración del Servicio Forestal _b: resumen del manual y del prontuario |
||
| 260 |
_aMéxico, D. F. : _bCentro Regional de Ayuda Técnica, _c1965 |
||
| 300 | _a93 p. | ||
| 590 |
_aBATCH-UPD _b10 _c20130110 _lUCH01 _h2206 |
||
| 590 |
_aBATCH-UPD _b10 _c20130410 _lUCH01 _h1511 |
||
| 590 |
_aBATCH-UPD _b10 _c20130914 _lUCH01 _h1703 |
||
| 590 |
_aCONVERSION _b10 _c20130109 _lUCH01 _h1309 |
||
| 650 | 1 | 4 |
_aPolítica forestal _xE.U.A. _990577 |
| 901 | _aBK | ||
| 942 | _cLIBRO | ||
| 949 |
_a634.925 H45 _bBC _cLIBRO _d33724000217386 _eLIBRO _fc.4 _h31592 _i18612 _mD _si |
||
| 949 |
_a634.925 H45 _bBC _cLIBRO _d33724000217402 _eLIBRO _fc.2 _h23546 _i18612 _mD _si |
||
| 949 |
_a634.925 H45 _bBC _cLIBRO _d33724000217410 _eLIBRO _h23545 _i18612 _mD _si |
||
| 949 |
_a634.925 H45 _bBC _cLIBRO _d33724000217428 _eLIBRO _fc.3 _h23547 _i18612 _mD _si |
||
| 999 |
_c13566 _d13566 |
||